Sudden Death - Nachbarländer Kirgisistans - Statistiken

Allgemein
  • Dieses Quiz wurde 20 mal gespielt
  • Das Durchschnittsergebnis liegt bei 4 aus 6
Answers on the Grid
Answers color-coded by a green-red scale on the quiz's grid according to % correct below.
China🇨🇳
Usbekistan🇺🇿
Kasachstan🇰🇿
Tadschikistan🇹🇯
Kirgisistan🇰🇬
Kirgisistan🇰🇬
Turkmenistan🇹🇲
Russland🇷🇺
Iran🇮🇷
Afghanistan🇦🇫
Pakistan🇵🇰
Indien🇮🇳
Mongolei🇲🇳
Ukraine🇺🇦
Nordkorea🇰🇵
Georgien🇬🇪
Armenien🇦🇲
Aserbaidschan🇦🇿
Türkei🇹🇷
Oman🇴🇲
 
Antwortstatistiken
Antwort % Korrekt
Tadschikistan🇹🇯
80%
Kirgisistan🇰🇬
67%
Usbekistan🇺🇿
67%
Kasachstan🇰🇿
60%
Kirgisistan🇰🇬
60%
China🇨🇳
40%
Keine übereinstimmenden Quizze gefunden
Verteilung der Resultate
Anzahl Personen mit jedem Resultat
Perzentil nach korrekt beantworteten Fragen
Ihre Resultats-Entwicklung
Sie haben dieses Quiz noch nicht gespielt